| 000 | | | 04402nmc2a2200000 x 450 |
| 001 | | | 5b954b74-cda2-4240-ac4e-5e3e1252d0d7 |
| 005 | | | 20151215151926.0 |
| 100 | ## | $a | 20150826l18521855k l0rusy0189 ca |
| 101 | 0# | $a | rus |
| 102 | ## | $a | RU |
| 200 | 1# | $a | Дело о назначении ординаторами клиники Харьковского университета лекарей В. Шеметова, П. Малиновского и Л. Жуховского, выпущенных из числа своекоштных студентов |
| | $j | 5 августа 1852 г. - 13 сентября 1855 г. |
| 251 | ## | $c | Дело |
| 300 | ## | $a | Дело |
| 300 | ## | $a | Ориг. заголовок дела: Дело об определении на службу своекоштных медицинских студентов Харьковского университета Шеметова, Малиновского и Жуховского ординаторами клиники при университете. Тут же об экипировочных деньгах. Тут же об увольнении Шеметова о службы за выслугою положенного срока. 5 августа 1852 г. - 13 сентября 1855 г |
| 801 | #0 | $a | RU |
| | $b | РГИА |
| | $c | 20150826 |
| | $g | RCR |
| 801 | #1 | $a | RU |
| | $b | ГлавНИВЦ |
| | $c | 20150826 |
| | $2 | rusmarc |
| 801 | #2 | $a | RU |
| | $b | ПБ им. Б.Н. Ельцина |
| | $c | 20151215 |
| | $g | RCR |
| | $2 | rusmarc |
| 850 | ## | $a | РГИА |
| 852 | ## | $a | РГИА |
| | $e | Федеральное казенное учреждение "Российский государственный исторический архив" (РГИА) |
| | $j | 563 |
| 937 | ## | $h | РГИА |
| | $d | 12159071 |
| | $a | ASBIBLIO_SCAN |
| 462 | #0 | $1 | 00110dcdccd-ec79-4ee8-a204-b9d031b41c04 |
| | $1 | 2001 |
| | $a | Медицинские дела Департамента народного просвещения |
| | $1 | 251 |
| | $c | Опись |
| | $1 | 852 |
| | $j | 99 |
| 461 | #0 | $1 | 001a74412a3-3cc5-4d21-8f0a-dfe2fbd9e72d |
| | $1 | 2001 |
| | $a | Департамент народного просвещения Министерства народного просвещения |
| | $1 | 251 |
| | $c | Фонд |
| | $1 | 852 |
| | $j | 733 |
| 215 | ## | $a | 28 л. |
| | $d | 36,5х26 см |
| 371 | ## | $a | Документ не является опубликованным и широко распространяемым |
| 105 | ## | $a | y### |
| 122 | 2# | $a | d |
| 517 | 1# | $a | Дело об определении на службу своекоштных медицинских студентов Харьковского университета Шеметова, Малиновского и Жуховского ординаторами клиники при университете. Тут же об экипировочных деньгах. Тут же об увольнении Шеметова о службы за выслугою положенного срока. 5 августа 1852 г. - 13 сентября 1855 г |
| 035 | ## | $a | 5b954b74-cda2-4240-ac4e-5e3e1252d0d7 |